MARC

LEADER 00000nam0a2200000 4500
001 257506
005 20231101233217.0
035 |a (RuTPU)RU\TPU\book\280311 
035 |a RU\TPU\book\271448 
090 |a 257506 
100 |a 20140417d1987 k y0rusy50 ca 
101 0 |a rus 
102 |a GE 
105 |a a z 001zy 
200 1 |a Проектирование и строительство гидротехнических сооружений  |e сборник научных трудов  |f Грузинский государственный политехнический институт им. В. И. Ленина ; под ред. Н. С. Моцонелидзе 
210 |a Тбилиси  |c Изд-во ГПИ  |d 1987 
215 |a 118 с.  |c ил. 
225 1 |a Труды Грузинского политехнического института  |v № 1(313) 
320 |a Библиогр. в конце статей 
606 1 |a Гидротехнические сооружения  |x Проектирование  |2 stltpush  |3 (RuTPU)RU\TPU\subj\6864  |9 34646 
610 1 |a строительство 
610 1 |a проектирование 
610 1 |a расчеты 
610 1 |a напряженно-деформированное состояние 
610 1 |a бетонные плотины 
610 1 |a грунтовые плотины 
610 1 |a гидроэнергетическое строительство 
675 |a 626/.627.001  |v 3 
702 1 |a Моцонелидзе  |b Н. С.  |4 340 
712 0 2 |a Грузинский государственный политехнический институт им. В. И. Ленина  |c (Тбилиси)  |c (1959-1990)  |2 stltpush  |3 (RuTPU)RU\TPU\col\13604  |9 25717 
801 1 |a RU  |b 63413507  |c 20051205  |g PSBO 
801 2 |a RU  |b 63413507  |c 20140909  |g PSBO 
942 |c BK